Model village (Record no. 72075)
[ view plain ]
| 000 -LEADER | |
|---|---|
| fixed length control field | 01089cam a2200241 4500 |
| 001 - CONTROL NUMBER | |
| control field | ABS66351 |
| 008 - FIXED-LENGTH DATA ELEMENTS--GENERAL INFORMATION | |
| fixed length control field | 030207n2003 000 0 eng u |
| 035 ## - SYSTEM CONTROL NUMBER | |
| System control number | (Sirsi) u121269 |
| 100 ## - MAIN ENTRY--PERSONAL NAME | |
| Personal name | Cooke, M. |
| 245 ## - TITLE STATEMENT | |
| Title | Model village |
| 260 ## - PUBLICATION, DISTRIBUTION, ETC. | |
| Date of publication, distribution, etc. | 2003 |
| 490 ## - SERIES STATEMENT | |
| Series statement | Inside Housing |
| Volume/sequential designation | 10 January 2003, 18-20(3) |
| 520 ## - SUMMARY, ETC. | |
| Summary, etc. | Reviews the progress of the millennium community or village concept unveiled after Labour's 1997 election victory. They were intended to set the standard for 21st century living and be a model for new communities. Looks in detail at Greenwich Millennium Village which will eventually have 1 400 homes with emphasis on a socially inclusive tenure mix. Social housing tenants are scattered across the whole development rather than ghettoised. It will take some years to see if a real community can be created however. |
| 590 ## - LOCAL NOTE (RLIN) | |
| Local note | ABS |
| 650 ## - SUBJECT ADDED ENTRY--TOPICAL TERM | |
| Topical term or geographic name entry element | MODEL VILLAGES |
| 650 ## - SUBJECT ADDED ENTRY--TOPICAL TERM | |
| Topical term or geographic name entry element | MILLENNIUM COMMUNITIES |
| 650 ## - SUBJECT ADDED ENTRY--TOPICAL TERM | |
| Topical term or geographic name entry element | MIXED TENURE |
| 650 ## - SUBJECT ADDED ENTRY--TOPICAL TERM | |
| Topical term or geographic name entry element | SOCIAL HOUSING |
| 650 ## - SUBJECT ADDED ENTRY--TOPICAL TERM | |
| Topical term or geographic name entry element | TENANTS |
| 650 ## - SUBJECT ADDED ENTRY--TOPICAL TERM | |
| Topical term or geographic name entry element | SOCIAL INCLUSION |
| 690 ## - LOCAL SUBJECT ADDED ENTRY--TOPICAL TERM (OCLC, RLIN) | |
| Topical term or geographic name as entry element | HOUSING-DEVELOPMENT |
| 942 ## - ADDED ENTRY ELEMENTS (KOHA) | |
| Suppress in OPAC | 0 |
| Withdrawn status | Lost status | Source of classification or shelving scheme | Damaged status | Not for loan | Home library | Current library | Shelving location | Date acquired | Total Checkouts | Full call number | Barcode | Date last seen | Copy number | Price effective from | Koha item type |
|---|---|---|---|---|---|---|---|---|---|---|---|---|---|---|---|
| Dewey Decimal Classification | London | London | Journal article | 07/02/2003 | ABS66351 | 121269-1001 | 06/08/2019 | 1 | 06/08/2019 | Journal article |